La maison blanche, La maison grise; (Record no. 3842)

MARC details
000 -LEADER
fixed length control field 00693cam a22002411 4500
001 - CONTROL NUMBER
control field af 47007115
003 - CONTROL NUMBER IDENTIFIER
control field DLC
005 - DATE AND TIME OF LATEST TRANSACTION
control field 20260227110840.0
008 - FIXED-LENGTH DATA ELEMENTS--GENERAL INFORMATION
fixed length control field 960213s1945 fr 000 1 fre c
010 ## - LIBRARY OF CONGRESS CONTROL NUMBER
LC control number af 47007115
035 ## - SYSTEM CONTROL NUMBER
System control number (OCoLC)34181014
040 ## - CATALOGING SOURCE
Original cataloging agency Harvard Univ. Library
Transcribing agency LU
Modifying agency DLC
041 1# - LANGUAGE CODE
Language code of text/sound track or separate title fre
Language code of original dan
042 ## - AUTHENTICATION CODE
Authentication code premarc
050 00 - LIBRARY OF CONGRESS CALL NUMBER
Classification number PT8123.B3
Item number H93
100 1# - MAIN ENTRY--PERSONAL NAME
Personal name Bang, Herman,
Dates associated with a name 1857-1912.
245 13 - TITLE STATEMENT
Title La maison blanche, La maison grise;
Remainder of title roman,
Statement of responsibility, etc. tr. du danois par T. Hammar. Préf. de Lucien Maury.
246 3# - VARYING FORM OF TITLE
Title proper/short title Maison grise
260 ## - PUBLICATION, DISTRIBUTION, ETC.
Place of publication, distribution, etc. Paris,
Name of publisher, distributor, etc. Stock
Date of publication, distribution, etc. [1945]
300 ## - PHYSICAL DESCRIPTION
Extent 251 p.
Dimensions 19 cm.
440 #0 - SERIES STATEMENT/ADDED ENTRY--TITLE
Title Collection scandinave
700 1# - ADDED ENTRY--PERSONAL NAME
Personal name Hammar, Thekla,
Relator term tr.

No items available.

Powered by Koha